Australijskie miasta - nagła śmierć - Statystyki

Ogólne statystyki
  • Ten quiz został rozwiązany 41 razy
  • Średni wynik to 6 z 12
Answers on the Grid
Answers color-coded by a green-red scale on the quiz's grid according to % correct below.
Sydney
Melbourne
Nasinu
Suva
Apia
Brisbane
Auckland
Hamilton
Newcastle
Canberra
Perth
Adelaide
Gold Coast
Lower Hutt
Barcelona
Surrey
Montreal
Sunshine Coast
Geelong
Ballarat
Darwin
 
Statystyki odpowiedzi
Odpowiedź % Poprawnych
Sydney
100%
Melbourne
85%
Canberra
75%
Brisbane
65%
Perth
65%
Adelaide
50%
Gold Coast
50%
Darwin
45%
Newcastle
30%
Sunshine Coast
30%
Geelong
25%
Ballarat
10%
Nie znaleziono quizów pasujących do podanych kryteriów
Rozkład punktacji
Procent ludzi z każdym wynikiem
Percentyl według liczby udzielonych odpowiedzi
Twoja historia wyników
Nie rozwiązałeś tego quizu